sombr - Complete Discography - Statistics

General Stats
  • This quiz has been taken 198 times
    44 since last reset
  • The average score is 23 of 35
Answer Stats
Hint Answer % Correct
4. back to friends
100%
2. 12 to 12
93%
(2026) Homewrecker
89%
6. dime
81%
7. undressed
81%
9. we never dated
81%
5. canal street
78%
(2022) caroline
74%
1. crushing
74%
(2024) do i ever cross your mind
74%
3. i wish i knew how to quit you
74%
10. under the mat
74%
1. burner phone
70%
8. come closer
70%
(2024) makes me want you
70%
(2023) would've been you
70%
(2024) in your arms
67%
2. ivy
63%
(2024) perfume
63%
6. silhouette
63%
(2022) willow
63%
(2024) i'll remember tonight
59%
7. my house is warm
59%
(2023) never find u
59%
(2024) savior
59%
8. weak
59%
4. you're so pretty
59%
(2023) alibi
56%
(2023) i don't know you anymore
56%
5. why are we like this
56%
(Rachel Chinouriri) All I Ever Asked
52%
3. don't let me down
52%
(2021) nothing left to say
48%
(2022) fine
44%
(2022) through it all
41%
No matching quizzes found
Score Distribution
Percent of People with Each Score
Percentile by Number Answered
Your Score History
You have not taken this quiz since the last reset